|
|
|
|
| LEADER |
01279nam a2200301 a 4500 |
| 001 |
15513032 |
| 008 |
130312s2009 dcua b i001 0 eng d |
| 010 |
|
|
|a 2008044060
|
| 020 |
|
|
|a 9780821375730
|
| 020 |
|
|
|a 0821375733
|
| 020 |
|
|
|a 9780821375747 (electronic)
|
| 020 |
|
|
|a 0821375741 (electronic)
|
| 040 |
|
|
|a DLC
|c DLC
|d BTCTA
|d BAKER
|d YDXCP
|d C#P
|d BWX
|d CDX
|d DLC
|d BD-DhAAL
|
| 082 |
0 |
0 |
|a 330.9173/2
|2 22
|
| 245 |
0 |
0 |
|a Urbanization and growth /
|c edited by Michael Spence, Patricia Clarke Annez, and Robert M. Buckley ; contributions by Michael Spence ... [et al.].
|
| 260 |
|
|
|a Washington, DC :
|b Commission on Growth and Development :
|b World Bank,
|c c2009.
|
| 300 |
|
|
|a xxx, 255 p. :
|b ill. (some col.) ;
|c 26 cm.
|
| 504 |
|
|
|a Includes bibliographical references and index.
|
| 541 |
1 |
|
|e 00026573
|
| 650 |
|
0 |
|a Urban economics.
|
| 650 |
|
0 |
|a Urbanization
|x Economic aspects.
|
| 650 |
|
0 |
|a Cities and towns
|x Growth.
|
| 700 |
1 |
|
|a Spence, Michael,
|d 1943-
|
| 700 |
1 |
|
|a Annez, Patricia Clarke.
|
| 700 |
1 |
|
|a Buckley, Robert M.
|
| 852 |
1 |
|
|a Ayesha Abed Library
|j General Shelf.
|
| 999 |
|
|
|c 13232
|d 13232
|
| 952 |
|
|
|0 0
|1 0
|2 ddc
|4 0
|6 330_917320000000000_URB
|7 0
|9 22021
|a IGS
|b IGS
|c GEN
|d 2013-03-12
|e Karim International
|g 1706.00
|l 0
|o 330.91732 URB
|p 3010026573
|r 2013-03-12
|t 1
|w 2013-03-12
|y BK
|